Представление документа в формате RUSMARC

ПолеНазваниеЗначение
  Тип записи a
  Библиографический уровень a
001 Контрольный номер RU/CBS_UL/BASE/565778923
005 Дата корректировки 20250213135958.1
100 Данные общей обработки __
a Данные общей обработки 20250213d2017####|||c0rusy0189 ca
101 Язык документа 0_
a Язык текста rus
102 Страна публикации __
a Страна публикации RU
105 Кодированные данные (монография) __
a Кодированные данные (монография) y###||||000|y
200 Заглавие и сведения об ответственности 1_
a Заглавие Тихий поэт
e Сведения, относящиеся к заглавию [о поэте из Димитровграда, удостенного медали С. Есенина - Валентине Манухине]
f Первые сведения об ответственности А. Никонов
300 Общие примечания __
a Общие примечания Ограничения по возрасту - 12+
461 Уровень набора _0
1 2000
a Симбирскъ
463 Уровень физической единицы _0
1 2000
a № 10(52)
v С. 32
1 2101
d 2017
1 001RU/REG73/CBS_GRAD/4126e6d1d2824263b1731e35df0c1ffd
600 Персоналии _0
a Персоналии (Фамилия) Манухин
b Персоналии (Имя, инициалы) В.Н.
606 Тематические рубрики 0_
a Основная рубрика Манухин, Валентин Николаевич (1939)
610 Ключевые слова 0_
a Ключевые слова российские поэты
610 Ключевые слова 0_
a Ключевые слова литературоведение
610 Ключевые слова 0_
a Ключевые слова димитровградские поэты
686 Индексы других классификаций __
a Классификационный индекс 83.3(2Рос=Рус)6
2 Код системы rubbk
700 Автор _1
a Фамилия Никонов
b Имя (инициалы) А.
801 Источник записи _0
a Страна RU
b Организация RuCBSGrad
c Дата составления 20250213
g Правила каталогизации RCR
801 Источник записи _1
a Страна RU
b Организация RuCBSGrad
c Дата составления 20250213
g Правила каталогизации RCR
852 Данные о местонахождении __
a Наименование организации МБУК "ЦБС г. Димитровграда"
901 Тип документа __
t Тип документа b
w Контрольный № источника RU/REG73/CBS_GRAD/4126e6d1d2824263b1731e35df0c1ffd
909 Создатель записи __
a Создатель записи Тенигина
b Дата создания записи 20250213